| 000 | 00348nam a2200145Ia 4500 | ||
|---|---|---|---|
| 008 | 230917s9999||||xx |||||||||||||| ||und|| | ||
| 040 |
_e42915 _aMAIN |
||
| 041 | _aEnglish | ||
| 082 | _a811.4 C912S | ||
| 100 | _aCummings, E E | ||
| 245 | 0 | _aI six nonlectures | |
| 260 |
_aCambridge _bHarvard University _c1977 |
||
| 300 | _a118 p. | ||
| 942 | _cBK | ||
| 999 |
_c192159 _d192159 |
||